Probability distributions of two random variables (Record no. 106729)
[ view plain ]
| 000 -LEADER | |
|---|---|
| fixed length control field | nam a22 7a 4500 |
| 005 - DATE AND TIME OF LATEST TRANSACTION | |
| control field | 20210812110904.0 |
| 008 - FIXED-LENGTH DATA ELEMENTS--GENERAL INFORMATION | |
| fixed length control field | 210305b ||||| |||| 00| 0 eng d |
| 020 ## - INTERNATIONAL STANDARD BOOK NUMBER | |
| International Standard Book Number | 9789387788183 |
| 080 ## - UNIVERSAL DECIMAL CLASSIFICATION NUMBER | |
| Universal Decimal Classification number | 519.213 |
| Item number | UPP/P |
| 100 ## - MAIN ENTRY--PERSONAL NAME | |
| Personal name | Uppal, Surindar Mohan [et.al] |
| 245 ## - TITLE STATEMENT | |
| Title | Probability distributions of two random variables |
| 260 ## - PUBLICATION, DISTRIBUTION, ETC. (IMPRINT) | |
| Place of publication, distribution, etc | New Delhi |
| Name of publisher, distributor, etc | New age international |
| Date of publication, distribution, etc | 2018 |
| 300 ## - PHYSICAL DESCRIPTION | |
| Extent | 441p. |
| 653 ## - INDEX TERM--UNCONTROLLED | |
| Uncontrolled term | Probabilities |
| 653 ## - INDEX TERM--UNCONTROLLED | |
| Uncontrolled term | Random variables |
| 653 ## - INDEX TERM--UNCONTROLLED | |
| Uncontrolled term | Distribution -- Probability theory |
| 942 ## - ADDED ENTRY ELEMENTS (KOHA) | |
| item type | Books |
| Lost status | Source of classification or shelving scheme | Not for loan | Home library | Current library | Date acquired | Cost, normal purchase price | Total Checkouts | Full call number | Barcode | Date last seen | Price effective from | Koha item type |
|---|---|---|---|---|---|---|---|---|---|---|---|---|
| Universal Decimal Classification | University Library | University Library | 05/03/2021 | 0.00 | 519.213 UPP/P | 00091327 | 05/03/2021 | 05/03/2021 | Books |
